|
|
|
|
| LEADER |
00000cam a2200000 a 4500 |
| 001 |
vtls008343437 |
| 003 |
SK-MaSNL |
| 005 |
20260301220607.0 |
| 008 |
230501s1967 xo al frnf 001 0 slo |
| 015 |
|
|
|a SNBA1967/06-01026
|
| 020 |
|
|
|q (viazané)
|
| 035 |
|
|
|a SK01SNK19670035654
|
| 035 |
|
|
|a DF95A6C0-BD99-4185-B944-C16F1817FF66
|
| 035 |
|
|
|a urn:nbn:sk:snk-am00ih9e
|
| 035 |
|
|
|a SKM000038117
|
| 040 |
|
|
|a SNK
|b slo
|c SNK
|e AACR2
|
| 041 |
0 |
|
|a slo
|
| 044 |
|
|
|a xo
|c SK
|a xr
|c CZ
|
| 072 |
|
7 |
|a 78
|x Hudba
|2 konspekt
|
| 080 |
|
|
|a 781.5
|2 1981
|
| 080 |
|
|
|a 78
|2 2011
|
| 080 |
|
|
|a 78.082/.086
|2 2011
|
| 080 |
|
|
|a (035)
|2 2011
|
| 100 |
1 |
|
|a Burlas, Ladislav,
|d 1927-2024
|4 aut
|9 105517
|
| 245 |
1 |
0 |
|a Formy a druhy hudobného umenia
|c Ladislav Burlas
|
| 250 |
|
|
|a 2. dopl. vyd.
|
| 260 |
|
|
|a Bratislava
|b Supraphon
|c 1967
|e Praha
|f Polygrafia 3
|
| 300 |
|
|
|a 317 strán, 1 nečíslovaná strana obrazovej prílohy
|b noty, schémy,
|c 8°
|
| 366 |
|
|
|e 1500 výtl.
|
| 490 |
1 |
|
|a Edícia teoretickej literatúry
|v zv. 3
|
| 504 |
|
|
|a Obsahuje bibliografické odkazy a menný a vecný register
|
| 650 |
0 |
7 |
|a hudba
|2 SNKPH
|9 1063
|
| 650 |
0 |
7 |
|a hudobné formy
|2 SNKPH
|9 2896
|
| 655 |
|
7 |
|a príručky
|2 SNKPH
|9 74364
|
| 830 |
|
0 |
|a Edícia teoretickej literatúry
|9 279316
|
| 852 |
|
|
|a Slovenská národná knižnica
|
| 954 |
|
|
|a odborná, vedecká literatúra pôvodná (slovenská)
|2 lita
|
| 958 |
|
|
|a TL
|
| 958 |
|
|
|a RK
|
| 958 |
|
|
|a NB
|
| 958 |
|
|
|a OND
|
| 958 |
|
|
|a EUIPO
|
| 999 |
|
|
|c 932421
|d 934351
|
| 952 |
|
|
|a SNK
|b SNK
|y VYP
|7 0
|p 17A0097667
|o snkSC 22805 D1
|0 0
|1 0
|4 0
|d 1997-09-26
|l 0
|r 2005-01-02 00:00:00
|w 2026-02-24
|
| 952 |
|
|
|a SNK
|b SNK
|y PREZ
|7 0
|p 17A0913660
|o snkSC 22805
|i snkKSP 4456/67
|0 0
|1 0
|4 0
|d 2012-08-27
|f 1
|l 0
|r 2025-08-20 00:00:00
|w 2026-02-24
|